000 01788nam a2200361 4500
001 114687
003 DR-UNIBE
005 20260525152345.0
008 260525b20222023dr ||||| |||| 00| 1 spa d
020 _a9789945241808
040 _aBIBLIOTECA UNIBE
_bspa
_cBIBLIOTECA UNIBE
_erda
041 _aspa
090 _aFBIU-L CI F866g
100 1 0 _aFreixas, Verouschka
_953440
_eautor
_eilustrador
245 1 3 _aEl gato pianista y otros cuentos /
_cVeroushka Freixas ; director editorial: Claudia Llibre ; Director de arte y producción: Moises Kalley Santana ; Subdirector de arte: Lilian Salcedo Fernández; edición: Jorge Luis Zamora ; corrección de estilo: Gisela Vargas Ortega ; diagramación: Ana Gómez Otaño ; ilustraciones: Paloma Velázquez Freixas
250 _aPrimera edición
260 _aSanto Domingo :
_bLoqueleo :
_bSantillana,
_c2022
300 _a92 páginas:
_bilustraciones a color y b/n
_c19 x 13 cm
490 _aSerie naranja / Cuento
_n+ 10
500 _aIncluye biografía del autor, comentarios de la obra en la contraportada y actividad de compresiónde lectura al final de la misma
653 7 _a Cuentos infantiles dominicanos
653 7 _aGatos - Cuentos infantiles dominicanos
653 7 _aAmistad - Cuentos infantiles dominicanos
653 7 _aLiteratura infantil dominicana
700 1 0 _aLlibre, Claudia
_9115216
_edirector editorial
700 1 0 _aKelly Santana, Moisés
_9115217
_edirector de arte
_eproducción
700 1 0 _aSalcedo Fernández, Lilian
_9115218
_esubdirector de arte
700 1 0 _aZamora, Jorge Luis
_9155167
_eeditor
700 1 0 _aVargas Ortega, Gisela
_9185539
_ecorrector de estilo
700 1 0 _aGómez Otaño, Ana
_9115219
_ediagramador
700 1 0 _aVelázquez Freixas, Paloma
_9205440
_eilustrador
942 _2ddc
_cBK
999 _c114687
_d114687